000 00528nam a22001817a 4500
005 20231117063321.0
008 231117b |||||||| |||| 00| 0 eng d
020 _a0702124303
041 _aEnglish
082 _a343.9 COO
100 _aCooper, WE
_lEnglish
245 _aRoad Traffic Legislation /
_cWE Cooper
250 _bFirst Edition
260 _aCape Town :
_bJuta and Company Ltd,
_c1990
300 _bviii, 189 pages ;
_c27 cm.
650 _aLegal practice
_bLaw
942 _cBK
_6ALISON_BN_VRIES
999 _c749
_d749